University Home | Library Home | Institutional Repository

Universal history of the world / (Record no. 156865)

MARC details
000 -LEADER
fixed length control field 01356cam1a220030100 4500
001 - CONTROL NUMBER
control field tmp15398912
003 - CONTROL NUMBER IDENTIFIER
control field UPRA
005 - DATE AND TIME OF LATEST TRANSACTION
control field 20190826084059.0
008 - FIXED-LENGTH DATA ELEMENTS--GENERAL INFORMATION
fixed length control field 950804s1937 enk eng u
035 ## - SYSTEM CONTROL NUMBER
System control number (Sirsi) r101858
035 ## - SYSTEM CONTROL NUMBER
System control number (UPRA)tmp15398912
040 ## - CATALOGING SOURCE
Transcribing agency UPRA
050 #0 - LIBRARY OF CONGRESS CALL NUMBER
Classification number D 20 Ham 1937?
245 00 - TITLE STATEMENT
Title Universal history of the world /
Statement of responsibility, etc. written by one hundred and fifty of our foremost living authorities in all branches of historical knowledge.
260 ## - PUBLICATION, DISTRIBUTION, ETC.
Place of publication, distribution, etc. London :
Name of publisher, distributor, etc. Amalgamated Press,
Date of publication, distribution, etc. [1937?]
504 ## - BIBLIOGRAPHY, ETC. NOTE
Bibliography, etc. note Includes Bibliography
650 #0 - SUBJECT ADDED ENTRY--TOPICAL TERM
Topical term or geographic name entry element World history.
Linkage S29939.1
700 1# - ADDED ENTRY--PERSONAL NAME
Personal name Hammerton, J. A.
Linkage A59809.1
949 ## - LOCAL PROCESSING INFORMATION (OCLC)
a D 20 Ham 1937?
v VOL. 3
w lcc
i 33729000033485
m MAIN
p 2500
t BOOK
l ON-SHELF
949 ## - LOCAL PROCESSING INFORMATION (OCLC)
a D 20 Ham 1937?
v VOL. 8
w lcc
i 33729000033543
m MAIN
p 2500
t BOOK
l ON-SHELF
949 ## - LOCAL PROCESSING INFORMATION (OCLC)
a D 20 Ham 1937?
v VOL. 4
w lcc
i 33729000034590
m MAIN
p 2500
t BOOK
l ON-SHELF
949 ## - LOCAL PROCESSING INFORMATION (OCLC)
a D 20 Ham 1937?
v VOL. 1
w lcc
i 33729000034608
m MAIN
p 2500
t BOOK
l ON-SHELF
949 ## - LOCAL PROCESSING INFORMATION (OCLC)
a D 20 Ham 1937?
v VOL. 7
w lcc
i 33729000034657
m MAIN
p 2500
t BOOK
l ON-SHELF
949 ## - LOCAL PROCESSING INFORMATION (OCLC)
a D 20 Ham 1937?
v VOL. 2
w lcc
i 33729000034665
m MAIN
p 2500
t BOOK
l ON-SHELF
949 ## - LOCAL PROCESSING INFORMATION (OCLC)
a D 20 Ham 1937?
v VOL. 5
w lcc
i 33729000034715
m MAIN
p 2500
t BOOK
l ON-SHELF
949 ## - LOCAL PROCESSING INFORMATION (OCLC)
a D 20 Ham 1937?
v VOL. 6
w lcc
i 33729000034772
m MAIN
p 2500
t BOOK
l ON-SHELF

No items available.

© 2026 - The University of Zambia Library - Koha v25.11